000 01414nam0a22002531 4500
001 rc\106769
005 20260407125912.0
035 _a(NLR Aleph) 005368390
090 _a6973642
_c6973642
100 _a20021216d1996 |||y0rusy50 ca
101 0 _arus
102 _aRU
105 _ay |||||||||
200 1 _aСБОРНИК основных документов по организации работы стационара дневного пребывания в больнице, дневного стационара в поликлинике и стационара на дому
_fРос. акад. мед. наук. НИИ социал. гигиены, экономики и упр. здравоохранением им. Н.А. Семашко
_g[Сост. к. м. н. Степановым В.В.]
210 _aМ.
_cНИИ социал. гигиены, экономики и упр. здравоохранением
_d1996
215 _a55 с.
_d20
320 _aБиблиогр.: с. 54-55
702 1 _aСтепанов
_bВ.В.
_gВладимир Владимирович
_4220
712 0 2 _aНИИ социальной гигиены, экономики и управления здравоохранением им. Н. А. Семашко
_cМосква
_3RU\NLR\AUTH\889972603
_9441691
801 0 _aRU
_bNLR
_gpsbo
801 1 _aRU
_bELAR
_2rusmarc
852 _aNLR
_j97-4/69
942 _cBOOK
980 _aNB